Bolesław I Chrobry - Statystyki

Ogólne statystyki
  • Ten quiz został rozwiązany 15 razy
    10 od ostatniego zresetowania
  • Średni wynik to 13 z 16
Statystyki odpowiedzi
Hint Odpowiedź % Poprawnych
Zjazd Gnieźnieński (data) 1000
100%
Pokój w Budziszynie (data) 1018
100%
Wyprawa Kijowska (data) 1018
100%
Koronacja Bolesława I Chrobrego na Króla Polski (data) 1025
100%
Śmierć Bolesława Chrobrego (data) 1025
100%
początek wojen Polsko-Niemieckich (data) 1004
86%
objęcie władzy przez Bolesława I Chrobrego (data) 992
86%
wyprawa misyjna św. Wojciecha na Prusy (data) 997
86%
W jakim mięscie w 1000 roku powstało arcybiskupstwo Gniezno
86%
Syn i bezpośredni następca tronu Bolesława I Chrobrego Mieszko II Lambert
86%
Cesarz który przybył na Zjazd Gnieźnieński Otton III
86%
Bolesław Chrobry zostaje Księciem Czech (data) 1003
71%
Biskup Praski oraz misjonarz Prus Wojciech
57%
Jakie grody opanował Bolesław Chrobry na wschodzie Czerwieńskie
43%
Cesarz z którym walczył Bolesław I Chrobry Henryk II
43%
Miejsce zawarcia pokoju miedzy Bolesławem a Henrykiem II Budziszyn
29%
Nie znaleziono quizów pasujących do podanych kryteriów
Rozkład punktacji
Procent ludzi z każdym wynikiem
Percentyl według liczby udzielonych odpowiedzi
Twoja historia wyników
Nie rozwiązałeś tego quizu od ostatniego zresetowania